|
|
|
|
| LEADER |
00715nab#a2200265#ar4500 |
| 001 |
000055713 |
| 003 |
SVKKK |
| 005 |
20060213095219.0 |
| 008 |
060213c2005 xo e cze |
| FMT |
|
|
|
| 038 |
|
|
|a SVKKK
|
| 040 |
|
|
|a SVKKK
|b slo
|e AACR2
|
| 041 |
0 |
|
|a cze
|
| 044 |
|
|
|a xo
|c SK
|
| 080 |
|
|
|a 061.41:621.74
|2 1997
|
| 245 |
0 |
0 |
|a METAL 2005 - dosud nejúspěšnejší slévárenský veletrh na území Polska
|c [autor] mh
|
| 300 |
|
|
|b Fotogr.
|
| 611 |
2 |
4 |
|a METAL 2005
|x veľtrh zlievarenský
|d (2005 :
|c Kielce, Poľsko)
|
| 650 |
0 |
4 |
|a veľtrhy
|
| 773 |
0 |
|
|t Slévárenství
|x 0037-6825
|g Roč. 53, č. 11-12 (2005), s. 566-569
|
| 974 |
|
|
|a MI
|
| 992 |
|
|
|a RBX
|
| BAS |
|
|
|
| 852 |
|
|
|a SVKKK
|b BIB
|
| 998 |
|
|
|a HUT
|